zpět

Detail výsledku týmu

U Pošty - Vinohrady ČT, Praha

Datum a čas kvízu

30.5 Celkem bodů Celkový počet nahraných bodů na tomto kvízu bez doplňovacích otázek.
7. Pořadí na kvízu Konečné umístění týmu na tomto kvízu.

Zaznamenané odpovědi

# Otázka Odpověď Body Výsledky
1. V pondělí jsme se dozvěděli, ž... nedodržení bezpečné vzdálenosti 0
2. Zaměstnanec letiště Johna F. K... C) živá kočka 1
3. V úterý se v pražském Kině Luc... Král Šumavy 1
4. V pondělí, po pěti dnech letu,... Orion 0
5. V jednom z pátečních zápasů pr... Walesu 0
6. V následujících pěti otázkách... bar, torr, atmosféra / pascal 0.5
7. Odvozená jednotka SI elektrick... farad 0
8. Jaký odpor v ohmech má spotřeb... 20 Ω 0
9. Přiřaďte tyto jednotky k přísl... 1C 2A 3B 4D 1
10. Uzel je jednotka rychlosti pou... B 1